[Event "West Suburban Winter GP"]
[Site "Framingham"]
[Date "1987.01.31"]
[Round "1"]
[White "Fang, Joseph"]
[Black "Gellineau, Antonio"]
[Result "1-0"]
[WhiteElo "2387"]
[BlackElo "2035"]
[PlyCount "61"]
[EventDate "1987.01.31"]
[EventType "swiss"]
[EventRounds "4"]
[EventCountry "USA"]
[SourceTitle "EXT 2005"]
[Source "ChessBase"]
[SourceDate "2004.11.15"]
[SourceVersion "1"]
[SourceVersionDate "2004.11.15"]
[SourceQuality "1"]

1. d4 g6 2. c4 Bg7 3. Nc3 d6 4. e4 e5 5. dxe5 dxe5 6. Qxd8+ Kxd8 7. f4 f6 8. Nf3 c6 9. fxe5 fxe5 10. Bg5+ Kc7 11. 0-0-0 Nd7 12. Be2 Bh6 13. Rhf1 b6 14. h4 Bg7 15. Be3 Nf8 16. Ng5 Nf6 17. Nf7 Be6 18. Nxh8 Bxh8 19. c5 N8d7 20. Rd6 Re8 21. b4 bxc5 22. bxc5 Bg7 23. Bb5 cxb5 24. Nxb5+ Kb8 25. c6 Nxe4 26. Rxe6 Ndf6 27. Rxe8+ Nxe8 28. Rf7 a6 29. Rb7+ Ka8 30. Nc7+ Nxc7 31. Rxc7 1-0